ANATOMY AND PHYSIOLOGY :THEORY AND PRACTICAL FOR DIPLOMA IN PHARMACY STUDENTS (Record no. 6048)

MARC details
000 -LEADER
fixed length control field 00510nam a22001697a 4500
005 - DATE AND TIME OF LATEST TRANSACTION
control field 20230119110556.0
008 - FIXED-LENGTH DATA ELEMENTS--GENERAL INFORMATION
fixed length control field 200225b xxu||||| |||| 00| 0 eng d
020 ## - INTERNATIONAL STANDARD BOOK NUMBER
ISBN 978-93-87964-94-5
041 ## - LANGUAGE CODE
Language code of text/sound track or separate title eng
082 ## - DEWEY DECIMAL CLASSIFICATION NUMBER
Classification number 612
100 ## - MAIN ENTRY--AUTHOR NAME
Personal name GARG, KRISHNA AND JOSHI, MEDHA. / SARAN, MEENAKSHI, SARAN
245 ## - TITLE STATEMENT
Title ANATOMY AND PHYSIOLOGY :THEORY AND PRACTICAL FOR DIPLOMA IN PHARMACY STUDENTS
260 ## - PUBLICATION, DISTRIBUTION, ETC. (IMPRINT)
Place of publication NEW DELHI
Name of publisher CBS
300 ## - PHYSICAL DESCRIPTION
Number of Pages 286p,
650 ## - SUBJECT ADDED ENTRY--TOPICAL TERM
Topical Term PHARMACY
General subdivision D.PHARMA & B.PHARMACY
942 ## - ADDED ENTRY ELEMENTS (KOHA)
Koha item type Books
Holdings
Lost status Damaged status Collection code Home library Current library Shelving location Date acquired Source of acquisition Cost, normal purchase price Full call number Accession Number Koha item type
    PHARMACY JRU Library JRU Library Shelf - 23- G 25/02/2020 PURCHESS 295.00 612 23717 Books
    PHARMACY JRU Library JRU Library Shelf - 23- G 25/02/2020 PURCHESS 295.00 612 23718 Books
    PHARMACY JRU Library JRU Library SHELF-20-G 25/02/2020 PURCHESS 295.00 612 23719 Books
    Reference JRU Library JRU Library SHELF-4-D 25/02/2020 PURCHESS 295.00 612 23720 Books
    PHARMACY JRU Library JRU Library Shelf - 23- G 08/02/2022 PURCHASE 375.00 612 25976 Books
    PHARMACY JRU Library JRU Library Shelf - 23- G 08/02/2022 PURCHASE 375.00 612 25977 Books